00231nam a22000977a 4500082001800000100001700018245003500035260003600070300000800106650001900114 a230.0984bBIR abird, Adrian aM.M. Thomas and Dalit Theology aBangalorebBTESSC/ SATHRIc2008 a324 aDalit-Theology